00600nam a2200205Ia 450000500170000000800410001702000220005804000190008004100120009908200170011110000280012824500380015625000870019426000340028130000090031563000180032465000180034265100230036085000110038320240104112104.0131103s9999 xx 000 0 und d a8189040022cRs 75 aLoreto College aEnglish a891.456bROY aRaut Roy, Satchidananda aStories, cSatchdananda Raut Roy aTranslated from the Oriya by Paul St-Pierrem Lelawati Mohapatra and K K Mohapatra  aBhubaneswarbGrassrootsc2003 a50p  aOriya Fiction aOriya Stories aFiction in English aLCLIB